[Event "ROM-ch U12"]
[Site "Calimanesti"]
[Date "2018.03.27"]
[Round "1"]
[White "Craciun, Cristian Gabriel111"]
[Black "Poparlan, Stefan"]
[Result "1-0"]
[WhiteElo "1373"]
[BlackElo "1001"]
[PlyCount "73"]
[EventDate "2018.03.27"]
[EventType "swiss"]
[EventRounds "9"]
[EventCountry "ROU"]
[SourceTitle "CBM 183 Extra"]
[Source "ChessBase"]
[SourceDate "2018.04.19"]
[SourceVersion "1"]
[SourceVersionDate "2018.04.19"]
[SourceQuality "1"]

1. e4 c5 2. Nf3 Nc6 3. d4 d6 4. dxc5 e5 5. cxd6 Qxd6 6. Qxd6 Bxd6 7. Bb5 Nf6 8. Nc3 a6 9. Bxc6+ bxc6 10. Bg5 Rb8 11. 0-0-0 Bc7 12. Bxf6 gxf6 13. Nh4 Ba5 14. Nf5 Bxf5 15. exf5 Bb6 16. Ne4 Ke7 17. Rd3 Bd4 18. c3 Bb6 19. Rhd1 Rhd8 20. Rxd8 Rxd8 21. Rxd8 Kxd8 22. Nxf6 Bxf2 23. Nxh7 Be3+ 24. Kc2 Ke7 25. g4 f6 26. h4 Kf7 27. g5 fxg5 28. hxg5 Kg7 29. g6 Bf4 30. Kd3 Bc1 31. b3 Bb2 32. Ng5 Kf6 33. Nf7 Kg7 34. Nxe5 a5 35. Nxc6 a4 36. bxa4 Bxc3 37. Kxc3 1-0